Municípios de Mato Grosso do Sul em um Mapa - Statistics

Estatísticas Gerais
  • Esse quiz foi jogado 3 701 vezes
  • A pontuação média é 32 de 79
Respostas no mapa
Respostas codificadas por cores de uma escala verde-vermelha no mapa do quiz de acordo com a % correta abaixo.
 
Estatísticas das Respostas
Município % Correto
Campo Grande
97%
Dourados
86%
Corumbá
85%
Ponta Porã
75%
Três Lagoas
74%
Bonito
71%
Aquidauana
64%
Coxim
61%
Naviraí
57%
Ladário
54%
Nova Andradina
54%
Maracaju
53%
Sidrolândia
53%
Miranda
51%
Porto Murtinho
51%
Chapadão do Sul
50%
Mundo Novo
50%
Bataguassu
49%
Costa Rica
49%
Amambai
47%
Rio Brilhante
47%
Jardim
46%
Ribas do Rio Pardo
46%
São Gabriel do Oeste
46%
Sonora
45%
Água Clara
44%
Ivinhema
42%
Bela Vista
41%
Caarapó
41%
Douradina
41%
Paranaíba
41%
Terenos
41%
Fátima do Sul
40%
Aparecida do Taboado
39%
Bodoquena
39%
Sete Quedas
38%
Cassilândia
37%
Nioaque
37%
Rio Verde de Mato Grosso
37%
Anastácio
36%
Nova Alvorada do Sul
36%
Eldorado
35%
Glória de Dourados
35%
Itaporã
35%
Juti
35%
Bandeirantes
34%
Batayporã
34%
Brasilândia
34%
Anaurilândia
33%
Camapuã
33%
Caracol
33%
Iguatemi
33%
Deodápolis
32%
Dois Irmãos do Buriti
32%
Figueirão
32%
Antônio João
31%
Jaraguari
31%
Pedro Gomes
31%
Rio Negro
31%
Angélica
30%
Inocência
30%
Jateí
30%
Paranhos
30%
Rochedo
30%
Corguinho
29%
Coronel Sapucaia
29%
Alcinópolis
28%
Guia Lopes da Laguna
28%
Itaquiraí
28%
Paraíso das Águas
28%
Santa Rita do Pardo
28%
Selvíria
28%
Tacuru
28%
Vicentina
28%
Aral Moreira
27%
Laguna Carapã
27%
Japorã
26%
Taquarussu
26%
Novo Horizonte do Sul
24%
Nenhum quiz correspondente encontrado
Distribuição das Pontuações
Porcentagem de Pessoas com Cada Pontuação
Percentil de Números Respondidos
Sua Pontuação Histórica
Você não jogou esse quiz